| 000 | 01315 a2200205 4500 | ||
|---|---|---|---|
| 001 | 54584 | ||
| 005 | 20260407155820.0 | ||
| 008 | 260407a1959 arg spa d | ||
| 003 | AR-UNSa-BCEJYS | ||
| 040 |
_aAR-UNSa-BCEJYS _bspa _cAR-UNSa-BCEJYS |
||
| 080 |
_a321 _xFormas de la organización política. Los estados como poderes políticos |
||
| 245 | 1 | 0 | _aSegundo tratado de gobierno |
| 264 | 1 |
_aBuenos Aires : _bÁgora _c1959 |
|
| 300 |
_a174 p. _c20,5 cm. |
||
| 505 | _a1. Del estado de naturaleza – 2. Del estado de guerra – 3. De la esclavitud – 4. De la propiedad – 5. Del poder parental – 6. De la sociedad política o civil – 7. Del comienzo de las sociedades políticas – 8. De los fines de la sociedad política y del gobierno – 9. De las formas de una nación – 10. De la extensión del poder legislativo – 11. De los poderes legislativo, ejecutivo y federativo de la república – 12. De la subordinación de los poderes de la república – 13. De la prerrogativa – 14. De los poderes paternal, político y despótico considerados en conjunto – 15. De la conquista – 16. De la usurpación – 17. De la tiranía – 18. De la disolución del gobierno. | ||
| 942 | _cBK | ||
| 590 | _aniveau_biblio:m niveau_hierar:0 | ||
| 100 | 1 | _aLocke, John | |
| 700 | 1 | _aCalichio, Mario H. | |
| 999 |
_c5659 _d5659 |
||